000 00281nam a22001337a 4500
008 180921b xxu||||| |||| 00| 0 eng d
020 _a060800836
041 _aeng
080 _a371
100 _a25
101 _aEDU
245 _aThe ABC of style
_cFlesch, R
942 _2udc
_cBK
999 _c48223
_d48223